Подробности
| 000 -МАРКЕР |
| контрольное поле |
02044nam0a2200325 4500 |
| 001 - ИДЕНТИФИКАТОР ЗАПИСИ |
| контрольное поле |
RU\NLR\BIBL_A\010796275 |
| 005 - ИДЕНТИФИКАТОР ВЕРСИИ |
| контрольное поле |
20250810071736.0 |
| 035 ## - ДРУГИЕ СИСТЕМНЫЕ НОМЕРА |
| Идентификатор записи |
(NLR Aleph) 010796275 |
| 100 ## - ДАННЫЕ ОБЩЕЙ ОБРАБОТКИ |
| Данные общей обработки |
20150703d1943 m y0rusy50 ca |
| 101 1# - ЯЗЫК РЕСУРСА |
| Язык текста, звукозаписи и т.д. |
якутский |
| Язык оригинала |
русский |
| 102 ## - СТРАНА ПУБЛИКАЦИИ ИЛИ ПРОИЗВОДСТВА |
| Страна публикации |
Российская Федерация |
| 105 ## - ПОЛЕ КОДИРОВАННЫХ ДАННЫХ: ТЕКСТОВЫЕ МАТЕРИАЛЫ, МОНОГРАФИЧЕСКИЕ |
| Кодированные данные о монографическом текстовом документе |
a z 000fy |
| 200 1# - ЗАГЛАВИЕ И СВЕДЕНИЯ ОБ ОТВЕТСТВЕННОСТИ |
| Основное заглавие |
Комсомол ийе дойдону кѳмүскүүр сэриигэ |
| Первые сведения об ответственности |
[тылб. ред. А. Р. Халыев] |
| 210 ## - ПУБЛИКАЦИЯ, РАСПРОСТРАНЕНИЕ И ДР. |
| Место издания, распространения и т.д. |
Якутскай . |
| Имя издателя, распространителя и т. д. |
Якутгосиздат |
| Дата издания, распространения и т.д. |
1943 |
| 215 ## - ФИЗИЧЕСКАЯ ХАРАКТЕРИСТИКА |
| Специфическое обозначение материала и объем |
106,[2] с. |
| Другие сведения о физической характеристике |
портр., ил. |
| Размеры |
14 |
| 300 ## - ОБЩИЕ ПРИМЕЧАНИЯ |
| Текст примечания |
Без. тит. л. Описано по обл. |
| 327 1# - ПРИМЕЧАНИЯ О СОДЕРЖАНИИ |
| Текст примечания |
Содерж.: Тимур Фрунзе/ Н. Богданов; Лейтенант Петр Харитонов/ В. Саяов; Төлөннөөх сэрииһит/ В. Ставскай; Муоста/ Арк. Гайдар |
| 464 #0 - АНАЛИТИЧЕСКИЙ УРОВЕНЬ |
| Встроенное поле |
2001#$aТимур Фрунзе$fН. Богданов |
| -- |
700#1$aБогданов$bН. |
| Заглавие |
Тимур Фрунзе |
| Автор |
Богданов, Н. |
| 464 #0 - АНАЛИТИЧЕСКИЙ УРОВЕНЬ |
| Встроенное поле |
2001#$aЛейтенант Петр Харитонов$fВ. Саяов |
| -- |
700#1$aСаянов$bВ.М.$gВиссарион Михайлович$f1903-1959$3RU\NLR\AUTH\7775061 |
| Заглавие |
Лейтенант Петр Харитонов |
| Автор |
Саянов, Виссарион Михайлович (1903-1959) |
| 464 #0 - АНАЛИТИЧЕСКИЙ УРОВЕНЬ |
| Встроенное поле |
2001#$aТөлөннөөх сэрииһит$fВ. Ставскай |
| -- |
700#1$aСтавский$bВ. |
| Заглавие |
Төлөннөөх сэрииһит |
| Автор |
Ставский, В. |
| 464 #0 - АНАЛИТИЧЕСКИЙ УРОВЕНЬ |
| Встроенное поле |
2001#$aМуоста$fАрк. Гайдар |
| -- |
700#1$aГайдар$bА. П.$gАркадий Петрович$f1904-1941$3RU\NLR\AUTH\77239 |
| Заглавие |
Муоста |
| Автор |
Гайдар, Аркадий Петрович (1904-1941) |
| 541 1# - ПЕРЕВОД ЗАГЛАВИЯ, СДЕЛАННЫЙ КАТАЛОГИЗАТОРОМ |
| Заглавие |
Комсомол в боях за Родину |
| Сведения, относящиеся к заглавию |
сб. рассказов |
| Язык заглавия |
русский |
| 686 1# - ИНДЕКСЫ ДРУГИХ КЛАССИФИКАЦИЙ |
| Индекс |
Ш6(2=Я)-91Р7-4 |
| 852 ## - МЕСТОНАХОЖДЕНИЕ И ШИФР ХРАНЕНИЯ |
| Идентификатор организации |
NLR |
| Наименование фонда или коллекции (Sub-Location Identifier) |
ОНЛ |
| Шифр хранения (Call Number) |
Якут./1-92 |
| 942 ## - ДОПОЛНИТЕЛЬНЫЕ ЭЛЕМЕНТЫ ЗАПИСИ (АБИС) |
| Тип экземпляра АБИС |
Книга |
| 945 ## - Информацию об издании предоставили: |
| Полное название организации, предоставившей материал |
Российская национальная библиотека |
| 980 ## - КОЛЛЕКЦИЯ |
| Название коллекции |
Национальная библиография |
| 980 ## - КОЛЛЕКЦИЯ |
| Название коллекции |
Библиография Победы |